India : (Record no. 123264)

MARC details
000 -LEADER
fixed length control field 00709nam a22002297a 4500
005 - DATE AND TIME OF LATEST TRANSACTION
control field 20170124105922.0
010 ## - LIBRARY OF CONGRESS CONTROL NUMBER
LC control number A-644814
020 ## - INTERNATIONAL STANDARD BOOK NUMBER
Terms of availability 00.00
International Standard Book Number 8170172969
035 ## - SYSTEM CONTROL NUMBER
System control number A-644814
037 ## - SOURCE OF ACQUISITION
Source of stock number/acquisition Cen Lib/Ret
040 ## - CATALOGING SOURCE
Original cataloging agency DPL
Language of cataloging EN
082 ## - DEWEY DECIMAL CLASSIFICATION NUMBER
Classification number 321.070954
Item number SAK
100 ## - MAIN ENTRY--PERSONAL NAME
Personal name Saksena, N. S.
9 (RLIN) 79481
245 ## - TITLE STATEMENT
Title India :
Statement of responsibility, etc by N. S. Saksena
Remainder of title towards anarchy 1967-1992 /
260 ## - PUBLICATION, DISTRIBUTION, ETC. (IMPRINT)
Place of publication, distribution, etc New Delhi
Name of publisher, distributor, etc Abhinav Publications
Date of publication, distribution, etc 1993
270 ## - ADDRESS
Address E-37, Hauz Khas
City New Delhi
Postal code 110016
300 ## - PHYSICAL DESCRIPTION
Extent xii, 200p. :
Dimensions 21cm(Hb)
500 ## - GENERAL NOTE
General note Includes appendix and index
650 ## - SUBJECT ADDED ENTRY--TOPICAL TERM
Topical term or geographic name as entry element History-Political aspects
Geographic subdivision India
9 (RLIN) 79482
650 ## - SUBJECT ADDED ENTRY--TOPICAL TERM
Topical term or geographic name as entry element Anarchism
Geographic subdivision India
9 (RLIN) 79483
942 ## - ADDED ENTRY ELEMENTS (KOHA)
Source of classification or shelving scheme Dewey Decimal Classification
Koha item type English Books
Classification part 321.070954
Call number suffix SAK
Holdings
Withdrawn status Lost status Damaged status Not for loan Home library Current library Date acquired Source of acquisition Cost, normal purchase price Total Checkouts Total Renewals Full call number Barcode Date last seen Date checked out Copy number Cost, replacement price Price effective from Koha item type
        Central Library Central Library 04/06/2015 Cen Lib/Ret 0.00 1 2 321.070954 SAK A-644814 17/02/2020 04/01/2020 1 0.00 04/06/2015 English Books

© Delhi Public Library
Hit Counter
free hit counter